000 00247nam a22000977a 4500
999 _c11257
_d11257
008 181204b ||||| |||| 00| 0 eng d
020 _a9788172345426
100 _aHitler Adolf
_97005
245 _aMein Kampf
260 _aNew Delhi
_bPrakash Books
_c2018